Quick Pick: Islands of the United Kingdom Quiz Stats

 Plays Quiz Updated Feb 21, 2019

Score 0/15 Timer 01:00
1 Play Today
% Correct
Isle of Wight
96.4%
West Falkland
87%
Anglesey
86.2%
Skye
86.1%
Islay
76.3%
Lundy
71.6%
Saint Helena
68.4%
Mull
67.2%
% Correct
St Kilda
66.9%
South Uist
60.6%
Anguilla
58.2%
Jura
55.1%
Montserrat
55%
Tiree
46.3%
Tristan da Cunha
46%

Today's Daily Dose

You're not logged in!

Compare scores with friends on all Sporcle quizzes.
OR
Log In

Sporcle TV

Today on Sporcle TV


Watch our educational content, quiz creation guides, and fun videos on Sporcle TV.

Show Comments

Extras

Top Quizzes Today


Score Distribution

Your Account Isn't Verified!

In order to create a playlist on Sporcle, you need to verify the email address you used during registration. Go to your Sporcle Settings to finish the process.

Report this User

Report this user for behavior that violates our Community Guidelines.

Details: